Most densely populated countries - Statistics

General Stats
  • This quiz has been taken 10 times
  • The average score is 6 of 10
Answer Stats
Population Density in km2 Country % Correct
18,960.4 Monaco
100%
7,894.26 Singapore
100%
924.49 Vatican
88%
1,633.54 Malta
75%
652.11 Taiwan
63%
1,982.91 Bahrain
50%
1,179 Bangladesh
50%
1,257.63 Maldives
50%
667.5 Barbados
25%
672.06 Lebanon
25%
No matching quizzes found
Score Distribution
Percent of People with Each Score
Percentile by Number Answered
Your Score History
You have not taken this quiz